1839 1024 1404 1861 1668 1244 1109 1957 1461 1992 1079 1797 1555 1172 1969 1819 1100 1980 1707 1190 1993 1382 1738 1048 1352 1125 1541 1481 1688 1417 1587 1462 1079 1192 1282 1160 1817 1377 1882 1755 1466 1666 1801 1102 1799 1144 1756 1073 1048 1622 1649 1606 1325 1020 1409 1441 1654 1882 1252 1944 1504 1437 1694 1095 1776 1073 1500 1890 1662 1032 1685 1946 1580 1795 1811 1884 1826 1575 1831 1262 1388 1031 1014 1713 1832 1746 1219 1857 1518 1632 1389 1644 1836 1735 1890 1274 1333 1165 1227 BCNSPRNW ULIB Ver.6.0+V

เปลี่ยนเป็นภาษาไทย

Change to English
 แสดงรายละเอียดบรรณานุกรม
  กลับหน้าหลัก

Brief Record : Get Marc (ISO 2709) : E-mail record : QR code < ปิดหน้าต่าง
สารบัญ Review โดย
ทศพร เกษรทอง
ห้องสมุดวิทยาเขตนครสวรรค์
ทศพร เกษรทอง เมื่อ17/กุมภาพันธ์/2558
บทที่ 1 บทนำวิชาโรคข้อและรูมาติสซั่ม
บทที่ 2 อาการและอาการวิทยาทางโรคข้อและรูมาติสซั่ม
บทที่ 3 การซักประวัติ
บทที่ 4 การตรวจร่างกาย
บทที่ 5 การตรวจทางห้องปฏิบัติการ
บทที่ 6 การเจาะข้อ
บทที่ 7 การวิเคราะห์น้ำในข้อ
บทที่ 8 การตรวจทางรังสี
บทที่ 9 Arthroscopy และการตรวจทางชิ้นเนื้อ 
บทที่ 10 แนวทางการดูแลผู้ป่วยโรคข้อข้อเดียว
บทที่ 11 แนวทางการดูแลผู้ป่วยโรคข้อหลายข้อ
บทที่ 12 แนวทางการดูแลผู้ป่วยที่มาด้วยอาการปวดทั้งตัว
บทที่ 13 เกณฑ์ในการจัดกลุ่มโรคและวินิจฉัยโรค

LEADER : 00000nam 2200000uu 4500
001    13399124280
003     ULIB
008    150217s2557||||th 000 0 tha d
020    ^a9786163613752
060  4 ^aWE304^bส241น
100 0  ^aสมชาย เอื้อรัตนวงศ์
245 00 ^aแนวทางการดูแลผู้ป่วยโรคข้อ =^bApproach to joint disease patient/^cสมชาย เอื้อรัตนวงศ์
250    ^aพิมพ์ครั้งที่ 1 (ฉบับปรับปรุง ครั้งที่ 2)
260    ^aกรุงเทพฯ;^bเรือนแก้วการพิมพ์,^c2557
300    ^a402 หน้า :^bภาพประกอบ;^c26 ซม.
650  7 ^aข้อ,โรค^xการวินิจฉัย
650  7 ^aรูมาติสม
650  7 ^aข้อ,ซักประวัติ,ตรวจร่างกาย
650  7 ^aกระดูกและข้ออักเสบ
945    ^p380^l0^i22838
945    ^p380^l0^i22839
999    ^aทศพร เกษรทอง
รายการนี้ยังไม่มีแท็ก
คุณยังไม่ได้ล็อกอิน คุณสามารถมีกิจกรรมร่วมกับเว็บไซต์ได้ แต่ต้องล็อกอินก่อน ::
  ล็อกอิน

รายการสื่อสารสนเทศ

ลำดับที่ ประเภท เลขเรียก/บาร์โค้ด สถานที่ สถานะ
1. วิทยาศาสตร์การแพทย์ และสุขภาพ
วิทยาศาสตร์การแพทย์ และสุขภาพ
สถานะ=หนังสือเก่า
WE304 ส241น ฉ.1 
  Barcode: 22838
ห้องสมุดวิทยาเขตนครสวรรค์
►ส่วนจัดเก็บหนังสือเก่า นว.
บนชั้น
  ขอยืม
2. วิทยาศาสตร์การแพทย์ และสุขภาพ
วิทยาศาสตร์การแพทย์ และสุขภาพ
สถานะ=หนังสือเก่า
WE304 ส241น ฉ.2 
  Barcode: 22839
ห้องสมุดวิทยาเขตนครสวรรค์
►ส่วนจัดเก็บหนังสือเก่า นว.
บนชั้น
  ขอยืม

รายการใกล้เคียง
    ผู้แต่ง [สมชาย เอื้อรัตนวงศ์]

    หัวเรื่อง [รูมาติสม]
    หัวเรื่อง [ข้อ,ซักประวัติ,ตรวจร่างกาย]
    หัวเรื่อง [กระดูกและข้ออักเสบ]

BibComment


ยังไม่เคยถูกคอมเมนท์

คอมเมนท์ทรัพยากรรายการนี้
  คอมเมนท์: แนวทางการดูแลผู้..


 Copyright 2026. Bcnsprnw @Library